| 000 | 00446nam a2200157Ia 4500 | ||
|---|---|---|---|
| 008 | 210719s2013 xx 000 0 und d | ||
| 041 | _akan | ||
| 082 | _a362.292K CHAM | ||
| 100 | _aCHANDRASHEKHAR (Si Ar) | ||
| 245 | _aMadyapAna: ArOgyakke mAraka hEge? parihAra hEge? | ||
| 260 |
_aBengaLUru _c2013 |
||
| 300 |
_av,72 _bPB |
||
| 650 | _aSocial Action | ||
| 650 | _aSocial Work | ||
| 906 | _aArOgyakke ; hEge? ; MadyapAna: ; mAraka ; parihAra | ||
| 999 |
_c215464 _d215464 |
||